| 000 | 00747nam a2200205Ii 4500 | ||
|---|---|---|---|
| 003 | JO-AjNU | ||
| 008 | 230605s9999||||xx |||||||||||||| ||und|| | ||
| 040 |
_aJO-AjNU _bara _erda _cJO-AjNU |
||
| 041 | _aara | ||
| 050 | 1 | 4 | _aHG3881.I58 .S2464 1983 |
| 100 | 3 |
_aصالحاني،عز الدين, _eauthor _97087 |
|
| 245 | 0 | 0 | _aصندوق النقد الدولي والمساهمة السعودية |
| 250 | _aط1 | ||
| 264 | 3 | 1 | _aبيروت: معهد الانماء العربي، 1983 |
| 300 |
_a246ص _bيحتوي على ببلوغرافية من 231-246ص |
||
| 336 |
_atext _btxt _2rdacontent |
||
| 337 |
_aunmediated _bn _2rdamedia |
||
| 338 |
_avolume _bnc _2rdacarrier |
||
| 650 | 4 |
_a العلاقات الاقتصادية الدولية _97088 |
|
| 999 |
_aA101 _c3669 _d3669 |
||